<?xml version="1.0" encoding="UTF-8"?><?xml-stylesheet type="text/xsl" href="static/style.xsl"?><OAI-PMH xmlns="http://www.openarchives.org/OAI/2.0/" xmlns:xsi="http://www.w3.org/2001/XMLSchema-instance" xsi:schemaLocation="http://www.openarchives.org/OAI/2.0/ http://www.openarchives.org/OAI/2.0/OAI-PMH.xsd"><responseDate>2026-04-17T12:57:20Z</responseDate><request verb="GetRecord" identifier="oai:riubu.ubu.es:10259/8664" metadataPrefix="marc">https://riubu.ubu.es/oai/request</request><GetRecord><record><header><identifier>oai:riubu.ubu.es:10259/8664</identifier><datestamp>2024-05-10T09:48:49Z</datestamp><setSpec>com_10259_3969</setSpec><setSpec>com_10259_5086</setSpec><setSpec>com_10259_2604</setSpec><setSpec>col_10259_8661</setSpec></header><metadata><record xmlns="http://www.loc.gov/MARC21/slim" xmlns:doc="http://www.lyncode.com/xoai" xmlns:xsi="http://www.w3.org/2001/XMLSchema-instance" xmlns:dcterms="http://purl.org/dc/terms/" xsi:schemaLocation="http://www.loc.gov/MARC21/slim http://www.loc.gov/standards/marcxml/schema/MARC21slim.xsd">
<leader>00925njm 22002777a 4500</leader>
<datafield tag="042" ind1=" " ind2=" ">
<subfield code="a">dc</subfield>
</datafield>
<datafield tag="720" ind1=" " ind2=" ">
<subfield code="a">Martínez Martínez, José Antonio</subfield>
<subfield code="e">author</subfield>
</datafield>
<datafield tag="720" ind1=" " ind2=" ">
<subfield code="a">Manso Villalaín, Juan Manuel</subfield>
<subfield code="e">author</subfield>
</datafield>
<datafield tag="720" ind1=" " ind2=" ">
<subfield code="a">García Castillo, Luis Mª</subfield>
<subfield code="e">author</subfield>
</datafield>
<datafield tag="720" ind1=" " ind2=" ">
<subfield code="a">Aragón Torre, Ángel</subfield>
<subfield code="e">author</subfield>
</datafield>
<datafield tag="260" ind1=" " ind2=" ">
<subfield code="c">2022</subfield>
</datafield>
<datafield tag="520" ind1=" " ind2=" ">
<subfield code="a">La ejecución de grandes superficies de hormigón estructural, es una de las tipologías más&#xd;
frecuentemente empleadas. Se pueden encontrar en soleras de naves industriales, aparcamientos de&#xd;
grandes superficies, carriles bici, carreteras, pistas de aterrizaje de aeropuertos, etc., bien en el exterior&#xd;
o en el interior de construcciones. A pesar de ello, no se les dedica un cálculo de solicitaciones tan&#xd;
detallado como a otros elementos estructurales y, normalmente, se trabaja con conceptos prefijados, lo&#xd;
que da lugar a un número muy elevado de problemas que requieren intervención. Estas losas, como las&#xd;
losas flectadas, también están sometidas a las acciones de cargas verticales, especialmente del tráfico u&#xd;
otros usos, pero hay otro grupo de acciones distintas que son las que originan la mayor parte de los&#xd;
daños. Nos referimos a acciones reológicas, y térmicas. En este trabajo se analizarán las diferentes&#xd;
variables que contribuyen a los estados tensionales y su relación con las principales patologías que se&#xd;
presentan. En el análisis se referenciarán casos estudiados, y se realizarán propuestas para evitar o&#xd;
disminuir la probabilidad de aparición de los problemas analizados. El trabajo tendrá un planteamiento&#xd;
teórico, contrastado con casos prácticos en los que se ha intervenido.</subfield>
</datafield>
<datafield tag="024" ind2=" " ind1="8">
<subfield code="a">978-84-09-42253-1</subfield>
</datafield>
<datafield tag="024" ind2=" " ind1="8">
<subfield code="a">2386-8198</subfield>
</datafield>
<datafield tag="024" ind2=" " ind1="8">
<subfield code="a">http://hdl.handle.net/10259/8664</subfield>
</datafield>
<datafield ind1=" " ind2=" " tag="653">
<subfield code="a">Patología del hormigón</subfield>
</datafield>
<datafield ind1=" " ind2=" " tag="653">
<subfield code="a">Losas de hormigón apoyadas sobre el terreno</subfield>
</datafield>
<datafield ind1=" " ind2=" " tag="653">
<subfield code="a">Grandes superficies</subfield>
</datafield>
<datafield tag="245" ind1="0" ind2="0">
<subfield code="a">Recurring damages in the execution of concrete slabs on large surfaces</subfield>
</datafield>
</record></metadata></record></GetRecord></OAI-PMH>